Interactions of nutrition and infection

Saved in:
Bibliographic Details
Main Author: Scrimshaw, Nevin S.
Other Authors: Taylor, Carl E. (Carl Ernest) (joint author.), Gordon, John E. (John Everett) (joint author.)
Format: Book
Language:English
Published: Geneva, World Health Organization, 1968.
Series:Monograph series (World Health Organization) ; no. 57
Subjects:
LEADER 01171nam a2200301 4500
001 c000036362
003 CARM
005 00000000000000.0
008 690905s1968 sz b 00010 eng
015 |a Sw*** 
019 1 |a 285545  |z 27511816  |5 LACONCORD2021 
035 |a (OCoLC)17791  |5 LACONCORD2021 
050 0 0 |a RB153  |b .S33 
100 1 |a Scrimshaw, Nevin S. 
245 1 0 |a Interactions of nutrition and infection  |c [by] Nevin S. Scrimshaw, Carl E. Taylor, [and] John E. Gordon. 
260 |a Geneva,  |b World Health Organization,  |c 1968. 
300 |a 329 p.  |c 24 cm. 
440 |a Monograph series (World Health Organization) ;  |v no. 57 
504 |a Bibliography: p. 269-329. 
650 0 |a Diseases  |x Causes and theories of causation. 
650 0 |a Malnutrition. 
650 0 |a Infection. 
700 1 |a Taylor, Carl E.  |q (Carl Ernest)  |e joint author. 
700 1 |a Gordon, John E.  |q (John Everett)  |e joint author. 
852 8 |b CARM  |h A2:AD22B0  |i C00076  |p 0003939  |f BK 
082 0 4 |a 616.07 
999 f f |i 89528a10-35da-5103-b371-46fe01a37dcb  |s 5f32ca53-cf66-5b38-93e7-7e77cc39588d 
952 f f |p Can circulate  |a CAVAL  |b CAVAL  |c CAVAL  |d CARM 1 Store  |e C00076  |f A2:AD22B0  |h Other scheme  |i book  |m 0003939